• 首页
  • 本馆介绍
  • 公告通知
  • 最新文献
  • 馆藏检索
  • 电子资源
  • 读者导购
  • 参考咨询
  • 我的图书馆
  • 登录
  • 详细信息显示
  • 放入我的书架
  • 预约/预借图书
  • 作者相关作品
  • 分类相关作品
  • 丛书相关作品
  • 出版社相关作品

书目信息

  • 表格格式
  • 工作单格式
  • 卡片格式
题名:
国民经济管理概论讲授提要
    
 
作者: 《国民经济管理概论》编写组编
分册:  
出版信息: 北京   中央广播电视大学出版社  1983
页数: 240页
开本: 19cm
丛书名:
单 册:
中图分类: F20 , F123
科图分类:
主题词: 国民经济管理学--学习参考资料 , 经济--中国
电子资源:
ISBN:
000 00672nam0 2200241 45
001 1573950584
005 20150124203255.54
010    @dCNY0.66
091    @aCN@b4300.2
100    @a19950623d1983 em y0chiy0121 ea
101 0  @achi
102    @aCN@b110000
105    @ay z 000yy
200 10 @a国民经济管理概论讲授提要@Aguo min jing ji guan li gai lun jiang shou ti yao@f《国民经济管理概论》编写组编
210    @a北京@c中央广播电视大学出版社@d1983
215    @a240页@d19cm
606    @a国民经济管理学@x学习参考资料
606 0  @a经济@x中国
690    @aF20@v3
690    @aF123@v4
801  0 @aCN@bTSSF@c20150124
801  2 @aCN@bNLC
905    @aZUCC@dF123@eJY31
    
    国民经济管理概论讲授提要/《国民经济管理概论》编写组编.-北京:中央广播电视大学出版社,1983
    240页;19cm
    
    
    ISBN :CNY0.66
    
●
相关链接 在E读中查询图书 在五车中查询图书 在当当中查询图书 在豆瓣中查询图书


正题名:国民经济管理概论讲授提要     索取号:F123/JY31         预约/预借

序号 登录号 条形码 馆藏地/架位号 状态 备注
1 7854307   278543079   学院路分馆/ [索取号:F123/JY31] 在馆    
唐山师范学院图书馆 欢迎您!
大连网信软件有限公司© 版权所有